书目信息 |
| 题名: |
信息检索与毕业论文写作
|
|
| 作者: | 龚文静 主编 | |
| 分册: | ||
| 出版信息: | 北京 中国书籍出版社 2019 |
|
| 页数: | 347页 | |
| 开本: | 24cm | |
| 丛书名: | ||
| 单 册: | ||
| 中图分类: | G254.9 , G642.477 , G254 | |
| 科图分类: | ||
| 主题词: | 信息检索--基本知识 , 信息检索--毕业论文--写作 | |
| 电子资源: | ||
| ISBN: | 978-7-5068-7464-9 | |
| 000 | 00892cam0 2200253 450 | |
| 001 | 2040957868 | |
| 005 | 20201129112256.18 | |
| 010 | @a978-7-5068-7464-9@dCNY55.00 | |
| 100 | @a20200703d2019 em y0chiy50 ea | |
| 101 | 0 | @achi |
| 102 | @aCN@b110000 | |
| 105 | @aa z 000yy | |
| 200 | 1 | @a信息检索与毕业论文写作@9xin xi jian suo yu bi ye lun wen xie zuo@b专著@f龚文静主编 |
| 210 | @a北京@c中国书籍出版社@d2019 | |
| 215 | @a347页@c图@d24cm | |
| 330 | @a本书共8章,主要内容为信息检索概述、网络信息资源检索、常用的学术论文检索系统、常用的图书检索系统、专题数据的使用、专利文献信息检索、毕业论文写作与信息检索的应用、信息检索与教学改革。 | |
| 606 | 0 | @a信息检索@x基本知识 |
| 606 | 0 | @a信息检索@x毕业论文@x写作 |
| 690 | @aG254.9@v5 | |
| 690 | @aG642.477@v5 | |
| 690 | @aG254@v4 | |
| 701 | 0 | @a龚文静@9gong wen jing@4主编 |
| 801 | 2 | @aCN@b58marc.cn@c20200729 |
| 905 | @aZUCC@dG254@e1 | |
| 信息检索与毕业论文写作/龚文静主编.-北京:中国书籍出版社,2019 |
| 347页:图;24cm |
| ISBN 978-7-5068-7464-9:CNY55.00 |
| 本书共8章,主要内容为信息检索概述、网络信息资源检索、常用的学术论文检索系统、常用的图书检索系统、专题数据的使用、专利文献信息检索、毕业论文写作与信息检索的应用、信息检索与教学改革。 |
| ● |
| 相关链接 |
|
|
|
正题名:信息检索与毕业论文写作
索取号:G254/1
 
预约/预借
| 序号 | 登录号 | 条形码 | 馆藏地/架位号 | 状态 | 备注 |
| 1 | 873108 | 2000873108 | 第二书库/ [索取号:G254/1] | 在馆 | |
| 2 | 873109 | 2000873109 | 第二书库/ [索取号:G254/1] | 在馆 | |
| 3 | 873110 | 2000873110 | 第二书库/ [索取号:G254/1] | 在馆 |